Outsourcing ako metóda efektívneho podnikania bakalárska práca

Enregistré dans:
Détails bibliographiques
Auteur principal: Botková, Miroslava
Collectivité auteur: Fakulta podnikového manažmentu EU. Katedra manažmentu
Autres auteurs: Papulová, Emília
Format: Livre
Langue:slovaque
Publié: Bratislava 2011
Tags: Ajouter un tag
Pas de tags, Soyez le premier à ajouter un tag!

MARC

LEADER 00000nbm a2200000 4500
001 0131386
005 20161109111421.7
041 0 |a slo 
044 |a SK 
245 1 0 |a Outsourcing ako metóda efektívneho podnikania  |b bakalárska práca  |c Miroslava Botková ; školiteľ: Emília Papulová 
264 1 |a Bratislava  |c 2011 
300 |a 53 s. 
100 1 |a Botková, Miroslava 
700 1 |a Papulová, Emília 
710 2 |a Fakulta podnikového manažmentu EU. Katedra manažmentu